000
00285nam a22001217a 4500
020
_a
0-07-099329-7
041
_a
ENG
100
_a
Grant.H.E
245
_a
Jigs And Fixtures Non _Standard Clamping Devices
260
_a
Delhi
_b
Tata McGraw
_c
1971
650
_a
FMP
856
_u
FMP (23 )
999
_c
1372
_d
1372